[Event "Kemerovo Region Cup sf"]
[Site "Kemerovo"]
[Date "2014.07.25"]
[Round "8"]
[White "Kolosovskiy, Danil"]
[Black "Savintsev, Dmitriy"]
[Result "1-0"]
[WhiteElo "2047"]
[BlackElo "1894"]
[PlyCount "37"]
[EventDate "2014.07.21"]
[EventType "swiss"]
[EventRounds "9"]
[EventCountry "RUS"]
[SourceTitle "EXT 2016"]
[Source "ChessBase"]
[SourceDate "2015.10.08"]
[SourceVersion "1"]
[SourceVersionDate "2015.10.08"]
[SourceQuality "1"]

1. e4 e6 2. d4 d5 3. Nd2 dxe4 4. Nxe4 Qd5 5. Bd3 Nf6 6. Nxf6+ gxf6 7. Qf3 Qxd4 8. Ne2 Qd8 9. Be3 Nc6 10. 0-0-0 Bd7 11. Nd4 Bd6 12. Nxc6 Bxc6 13. Be4 Bxe4 14. Qxe4 Qc8 15. Qh4 Ke7 16. Rhe1 c5 17. g4 Rg8 18. g5 Qc7 19. gxf6+ 1-0

[Event "Kemerovo Region Cup"]
[Site "Kemerovo"]
[Date "2013.09.02"]
[Round "5"]
[White "Kolosovskiy, Danil"]
[Black "Chernov, Mikhail"]
[Result "1-0"]
[WhiteElo "2031"]
[BlackElo "2240"]
[PlyCount "69"]
[EventDate "2013.08.28"]
[EventType "swiss"]
[EventRounds "7"]
[EventCountry "RUS"]
[SourceTitle "EXT 2014"]
[Source "ChessBase"]
[SourceDate "2013.11.20"]
[SourceVersion "1"]
[SourceVersionDate "2013.11.20"]
[SourceQuality "1"]

1. c4 c5 2. Nf3 Nc6 3. d4 cxd4 4. Nxd4 Nf6 5. g3 g6 6. Bg2 Bg7 7. 0-0 0-0 8. Nc3 a6 9. c5 Qc7 10. Nb3 b6 11. cxb6 Qxb6 12. Be3 Qb8 13. h3 Bb7 14. Nc5 Qc7 15. Rc1 Rac8 16. b3 Ba8 17. N3a4 d6 18. Nd3 Rb8 19. Qd2 Rfc8 20. Rc2 e6 21. Rfc1 Nd5 22. Bxd5 exd5 23. Nb4 d4 24. Bf4 Qd7 25. Nd5 Rb5 26. Nab6 Qxh3 27. a4 Rxb6 28. Nxb6 Ne5 29. Rxc8+ Bf8 30. Rxa8 Ng4 31. Rxf8+ Kxf8 32. Bh6+ Ke8 33. Rc8+ Ke7 34. Qg5+ f6 35. Qh4 1-0

[Event "Kemerovo op"]
[Site "Kemerovo"]
[Date "2013.07.24"]
[Round "4"]
[White "Koveshnikova, Daria"]
[Black "Kolosovskiy, Danil"]
[Result "1/2-1/2"]
[WhiteElo "2027"]
[BlackElo "1992"]
[PlyCount "58"]
[EventDate "2013.07.22"]
[EventType "swiss"]
[EventRounds "9"]
[EventCountry "RUS"]
[SourceTitle "EXT 2014"]
[Source "ChessBase"]
[SourceDate "2013.11.20"]
[SourceVersion "1"]
[SourceVersionDate "2013.11.20"]
[SourceQuality "1"]

1. d4 Nf6 2. Nf3 e6 3. c4 b6 4. g3 Ba6 5. b3 Bb4+ 6. Bd2 Be7 7. Bg2 c6 8. Qc2 d5 9. 0-0 0-0 10. Bc1 Nbd7 11. Nbd2 Bb7 12. e4 dxe4 13. Nxe4 Nxe4 14. Qxe4 Nf6 15. Qc2 c5 16. Rd1 Qc8 17. Bb2 Be4 18. Qe2 Qb7 19. dxc5 bxc5 20. Rd2 Rfd8 21. Rad1 h6 22. Rxd8+ Rxd8 23. Rxd8+ Bxd8 24. Ne1 Bxg2 25. Nxg2 Qd7 26. Nf4 Be7 27. Nd3 Qd6 28. Ba3 Qd4 29. Bb2 Qd6 1/2-1/2

[Event "Kemerovo Kuzbass-ch"]
[Site "Kemerovo"]
[Date "2012.11.25"]
[Round "3"]
[White "Kolosovskiy, Danil"]
[Black "Denisov, Nikolay"]
[Result "0-1"]
[WhiteElo "1981"]
[BlackElo "2101"]
[PlyCount "72"]
[EventDate "2012.11.23"]
[EventType "swiss"]
[EventRounds "9"]
[EventCountry "RUS"]
[SourceTitle "CBM 151 Extra"]
[Source "ChessBase"]
[SourceDate "2012.12.18"]
[SourceVersion "1"]
[SourceVersionDate "2012.12.18"]
[SourceQuality "1"]

1. d4 Nf6 2. c4 c5 3. d5 e6 4. Nc3 exd5 5. cxd5 g6 6. Nf3 Bg7 7. Nd2 0-0 8. Nc4 b6 9. g3 Ba6 10. Na3 b5 11. Ncxb5 Bxb5 12. Nxb5 Qa5+ 13. Nc3 Ne4 14. Bd2 Nxc3 15. Qc2 Qa4 16. Qc1 Ne4 17. Bg2 Nxd2 18. Qxd2 d6 19. 0-0 Nd7 20. e4 Qd4 21. Qa5 Nb6 22. b3 Qb4 23. Qxb4 cxb4 24. Rac1 Rac8 25. Bh3 Rxc1 26. Rxc1 Bc3 27. f4 a5 28. Kg2 Kg7 29. Kf3 f5 30. exf5 gxf5 31. g4 fxg4+ 32. Bxg4 Nxd5 33. f5 Kf6 34. Ke4 Ne7 35. Rd1 d5+ 36. Kf4 Be5+ 0-1

[Event "Kemerovo Kuzbass-ch"]
[Site "Kemerovo"]
[Date "2012.11.24"]
[Round "1"]
[White "Kolosovskiy, Danil"]
[Black "Vlassov, Nikolai"]
[Result "1/2-1/2"]
[WhiteElo "1981"]
[BlackElo "2427"]
[PlyCount "91"]
[EventDate "2012.11.23"]
[EventType "swiss"]
[EventRounds "9"]
[EventCountry "RUS"]
[SourceTitle "CBM 151 Extra"]
[Source "ChessBase"]
[SourceDate "2012.12.18"]
[SourceVersion "1"]
[SourceVersionDate "2012.12.18"]
[SourceQuality "1"]

1. d4 Nf6 2. c4 Nc6 3. Nf3 e6 4. a3 d5 5. Nc3 dxc4 6. e3 Na5 7. Ne5 c5 8. dxc5 Qxd1+ 9. Kxd1 Bxc5 10. Nxc4 Nb3 11. Rb1 0-0 12. Bd3 Rd8 13. Ke2 b6 14. Nd2 Nxc1+ 15. Rbxc1 Bb7 16. f3 Nd7 17. b4 Be7 18. Be4 Bxe4 19. Ncxe4 f5 20. Nf2 a5 21. Nd3 axb4 22. axb4 Ra2 23. Rhd1 Nf6 24. Ra1 Nd5 25. Rxa2 Nc3+ 26. Ke1 Nxa2 27. Nc4 b5 28. Nce5 Nxb4 29. Ke2 Nxd3 30. Rxd3 Rxd3 31. Kxd3 Bd6 32. Nc6 Kf7 33. Nd4 b4 34. f4 g5 35. g3 h6 36. Kc4 Kf6 37. Nc2 e5 38. Nxb4 gxf4 39. gxf4 exf4 40. exf4 Bxf4 41. Kd3 Bxh2 42. Ke3 h5 43. Kf3 h4 44. Nd5+ Ke5 45. Ne3 h3 46. Ng4+ 1/2-1/2

[Event "Sibiria Region-ch"]
[Site "Prokopevsk"]
[Date "2012.03.12"]
[Round "1"]
[White "Kolosovskiy, Danil"]
[Black "Piskunov, Alexandr"]
[Result "1/2-1/2"]
[WhiteElo "1998"]
[BlackElo "2318"]
[PlyCount "105"]
[EventDate "2012.03.12"]
[EventType "swiss"]
[EventRounds "9"]
[EventCountry "RUS"]
[SourceTitle "EXT 2013"]
[Source "ChessBase"]
[SourceDate "2012.11.22"]
[SourceVersion "1"]
[SourceVersionDate "2012.11.22"]
[SourceQuality "1"]

1. e4 d6 2. d4 Nf6 3. Nc3 e5 4. dxe5 dxe5 5. Qxd8+ Kxd8 6. Nf3 Bd6 7. Bc4 Ke7 8. Bg5 c6 9. 0-0-0 Bc7 10. Rd2 Nbd7 11. Be3 b5 12. Bb3 b4 13. Na4 Nxe4 14. Rdd1 f5 15. Rhe1 Kf6 16. Nd2 Nxd2 17. Bxd2 Rb8 18. Be3 a5 19. Nc5 Nxc5 20. Bxc5 Be6 21. Bd6 Bxd6 22. Rxd6 Rhe8 23. Rxc6 Rbc8 24. Ra6 Ra8 25. Rxa8 Rxa8 26. Bxe6 Kxe6 27. c4 bxc3 28. bxc3 g5 29. Kc2 Rb8 30. f3 a4 31. Re2 a3 32. Kd3 h5 33. h3 g4 34. hxg4 hxg4 35. c4 g3 36. Kc3 Rb2 37. Rd2 Rxd2 38. Kxd2 Kd6 39. Kc2 Kc6 40. Kd2 Kc5 41. Kc3 e4 42. f4 e3 43. Kd3 e2 44. Kxe2 Kxc4 45. Kf3 Kc3 46. Ke3 Kc4 47. Kf3 Kd4 48. Kxg3 Ke4 49. Kh4 Kxf4 50. g3+ Kf3 51. Kg5 Kxg3 52. Kxf5 Kf3 53. Kg5 1/2-1/2

[Event "Kemerovo op"]
[Site "Kemerovo"]
[Date "2011.07.27"]
[Round "4"]
[White "Borodaenko, Dmitry"]
[Black "Kolosovskiy, Danil"]
[Result "1/2-1/2"]
[WhiteElo "1996"]
[BlackElo "1980"]
[PlyCount "70"]
[EventDate "2011.07.25"]
[EventType "swiss"]
[EventRounds "9"]
[EventCountry "RUS"]
[SourceTitle "EXT 2012"]
[Source "ChessBase"]
[SourceDate "2011.11.24"]
[SourceVersion "1"]
[SourceVersionDate "2011.11.24"]
[SourceQuality "1"]

1. e4 e6 2. d4 d5 3. exd5 exd5 4. Bd3 Nc6 5. c3 Bd6 6. Ne2 Nge7 7. Qc2 Be6 8. Bf4 Qd7 9. Bxd6 Qxd6 10. Nd2 0-0-0 11. b4 Ng6 12. Nb3 Nf4 13. Nxf4 Qxf4 14. 0-0 g6 15. g3 Qf6 16. Rfe1 Bf5 17. Nc5 Bxd3 18. Qxd3 Qf5 19. Qe2 Nb8 20. Qb5 b6 21. Nb3 Qd7 22. Qd3 Rhe8 23. Kg2 Rxe1 24. Rxe1 Re8 25. Rxe8+ Qxe8 26. b5 Nd7 27. Nd2 Nf6 28. a4 Qe6 29. Nf3 Ne4 30. Ne5 Nd6 31. Qd2 f6 32. Nc6 Qe4+ 33. f3 Qe8 34. Qh6 Qe2+ 35. Kg1 Qe1+ 1/2-1/2

[Event "Kemerovo-ch"]
[Site "Kemerovo"]
[Date "2011.03.23"]
[Round "9"]
[White "Kolosovskiy, Danil"]
[Black "Cheremnova, Tamara"]
[Result "0-1"]
[WhiteElo "1951"]
[BlackElo "2221"]
[PlyCount "40"]
[EventDate "2011.02.20"]
[EventType "swiss"]
[EventRounds "9"]
[EventCountry "RUS"]
[SourceTitle "CBM 141 Extra"]
[Source "ChessBase"]
[SourceDate "2011.05.03"]
[SourceVersion "1"]
[SourceVersionDate "2011.05.03"]
[SourceQuality "1"]

1. Nf3 d5 2. c4 e6 3. cxd5 exd5 4. d4 c6 5. Qc2 Ne7 6. e4 dxe4 7. Qxe4 Bf5 8. Qe3 Nd7 9. Nc3 Nb6 10. b3 Qd6 11. Bc4 Nxc4 12. bxc4 Be6 13. d5 cxd5 14. Nb5 Qd7 15. Nfd4 Nc6 16. Nxe6 Bb4+ 17. Kf1 fxe6 18. cxd5 Ne7 19. Nd4 Qxd5 20. Nxe6 Qd1+ 0-1

[Event "Kuzbass-ch"]
[Site "Kemerovo"]
[Date "2010.10.25"]
[Round "4"]
[White "Starkov, S."]
[Black "Kolosovskiy, Danil"]
[Result "1-0"]
[WhiteElo "2221"]
[BlackElo "1927"]
[PlyCount "42"]
[EventDate "2010.10.23"]
[EventType "swiss"]
[EventRounds "9"]
[EventCountry "RUS"]
[SourceTitle "EXT 2011"]
[Source "ChessBase"]
[SourceDate "2010.11.26"]
[SourceVersion "1"]
[SourceVersionDate "2010.11.26"]
[SourceQuality "1"]

1. e4 e6 2. d4 d5 3. Nc3 dxe4 4. Nxe4 Bd7 5. Bd3 Bc6 6. Nf3 Nd7 7. 0-0 Ngf6 8. Ng3 Bd6 9. c4 b6 10. Bd2 0-0 11. Bc3 a5 12. a3 a4 13. Ne5 Bxe5 14. dxe5 Ne8 15. Be4 Bxe4 16. Nxe4 f6 17. f4 Qc8 18. Qd3 Rf7 19. Qh3 Qb7 20. Rae1 f5 21. Ng5 Re7 1-0